| 000 | 00598nam a2200205 a 4500 | ||
|---|---|---|---|
| 001 | 14564 | ||
| 003 | CO-ViMGA | ||
| 008 | 141112s2004 ck r 000 u spa d | ||
| 020 | _a9584101153 | ||
| 040 |
_aCO-ViMGA _bspa _cCO-ViMGA |
||
| 082 | 0 | 4 | _a372.7 B374m - 3 |
| 100 | 1 |
_aBeristáin Márquez, Eloísa; Campos Campos, Yolanda _921294 |
|
| 245 | 1 | 0 |
_aMatemáticas : _bNivel 3 |
| 260 |
_aBogotá : _bMc Graw - Hill, _c2000 |
||
| 300 | _a183 p. | ||
| 490 | _aAplicaciones y Conexiones | ||
| 505 | _aMatemáticas nivel 3 | ||
| 650 | 1 | 4 |
_aMATEMATICAS - ENSEÑANZA ELEMENTAL _921295 |
| 942 |
_2ddc _cBK |
||
| 999 |
_c25152 _d25152 |
||